Pohľad na Modru

Zobrazenie: V bielom orámovaní pohľad z kopca na mesto a jeho tri kostoly v pozadí v strede. Za mestom sú polia

Bibliographic Details
Format: Postcard
Language:Slovak
PhysicalDescription:1 pohľadnica čiernobiela 9 x 14 cm
Published: Modra Ján Trnovský [1931?]
Subjects:

MARC

LEADER 00000nkm a2200000 a 4500
001 vtls011930078
003 SK-MaSNL
005 20260512123131.0
007 kp bo
008 240703q1931 xo g kuslo
015 |a SNBG1931 
035 |a urn:nbn:sk:snk-km00egsd 
035 |a urn:nbn:sk:snk-km43c8a 
035 |a 0C106F1B-DD73-4284-881A-E2C6DB36F108 
040 |a SNK  |b slo  |c SNK  |e AACR2 
041 0 |a slo 
043 |a e-xo--- 
044 |a xo  |c SK 
072 7 |a 913  |x Regionálna geografia  |2 konspekt 
080 |a 913(437.6)  |2 2011 
080 |a 726:27-523.42  |2 2011 
080 |a 904(084.121)  |2 2011 
245 0 0 |a Pohľad na Modru  |h grafika 
260 |a Modra  |b Ján Trnovský  |c [1931?]  |e [Sadská]  |f Bromografia 
300 |a 1 pohľadnica  |b čiernobiela  |c 9 x 14 cm 
500 |a Názvové údaje prevzaté z obrazovej časti dokumentu 
500 |a číslo záberu 20795 
520 8 |a Zobrazenie: V bielom orámovaní pohľad z kopca na mesto a jeho tri kostoly v pozadí v strede. Za mestom sú polia 
610 2 7 |a Nemecký evanjelický a. v. kostol (Modra, Slovensko)  |2 SNKKA  |9 299996 
610 2 7 |a Slovenský evanjelický a.v. kostol (Modra, Slovensko)  |2 SNKKA  |9 220342 
610 2 7 |a Rímskokatolícky farský Kostol sv. Štefana kráľa (Modra, Slovensko)  |2 SNKKA  |9 346989 
650 0 7 |a kultúrne pamiatky  |2 SNKPH  |9 2862 
650 0 7 |a kostoly  |2 SNKPH  |9 3023 
651 7 |a Modra (Slovensko)  |2 SNKPHgeo  |9 15238 
655 7 |a miestne pohľadnice  |2 SNKPH  |9 70510 
655 7 |a pohľadnice kultúrnych pamiatok  |2 SNKPH  |9 70523 
852 |a Slovenská národná knižnica 
958 |a EUIPO 
958 |a GBN 
958 |a GC 
958 |a OND 
999 |c 693271  |d 695201 
952 |a SNK  |b SNK  |y PREZ  |7 0  |p 17A1378445  |o snkSP 61489  |z Pohľadnica prešla poštou.  |0 0  |1 0  |4 0  |d 2020-04-22  |f 1  |l 0  |r 2026-02-23 20:33:31  |w 2026-02-23